000 01026nam0a22002771 4500
001 rc\2295783
005 20250623072633.0
035 _a(NLR Aleph) 006666304
090 _a4945748
_c4945748
100 _a20110829d1977 |||y0rusy50 ca
101 0 _arus
102 _aRU
105 _ay z |||||
200 1 _aСоревнование на этапе развитого социализма
_e(Характерные черты, особенности организации, критерии эффективности)
_fП.В. Гречишников
210 _aМосква
_cМысль
_d1977
215 _a216 с.
_d20
320 _aСписок лит.: с. 210-214
606 _aСоциалистическое соревнование
_2rkp
700 1 _aГречишников
_bП.В.
_gПетр Владимирович
801 0 _aRU
_bNLR
_gpsbo
801 1 _aRU
_bELAR
_2rusmarc
852 _aNLR
_j77-3/9332
899 _aRuMoRGB
_jБ 77-5/172
899 _aRuMoRGB
_jБ 77-5/173
942 _cBOOK
980 _aNB